Fire Emblem: New Mystery of the Emblem Playable Characters - Statistics

General Stats
  • This quiz has been taken 88 times
  • The average score is 67 of 77
Answer Stats
Answer % Correct
Astram
100%
Catria
100%
Est
100%
Gordin
100%
Kris
100%
Lena
100%
Marth
100%
Merric
100%
Minerva
100%
Palla
100%
Sirius
100%
Athena
96%
Bord
96%
Caeda
96%
Cord
96%
Draug
96%
Julian
96%
Luke
96%
Maria
96%
Roderick
96%
Roshea
96%
Tiki
96%
Vyland
96%
Wolf
96%
Barst
93%
Cecil
93%
Elice
93%
Jeorge
93%
Linde
93%
Michalis
93%
Navarre
93%
Ogma
93%
Sedgar
93%
Abel
89%
Cain
89%
Matthis
89%
Nyna
89%
Rickard
89%
Samson
89%
Castor
86%
Horace
86%
Jake
86%
Katarina
86%
Midia
86%
Nagi
86%
Norne
86%
Ryan
86%
Wrys
86%
Xane
86%
Yuliya
86%
Arran
82%
Bantu
82%
Etzel
82%
Jubelo
82%
Sheena
82%
Wendell
82%
Ymir
82%
Beck
79%
Belf
79%
Caesar
79%
Macellan
79%
Roger
79%
Dolph
75%
Malice
75%
Samuel
75%
Darros
71%
Frey
71%
Marisha
71%
Phina
71%
Tomas
71%
Dice
68%
Reiden
68%
Roberto
68%
Warren
68%
Arlen
64%
Radd
61%
Frost
57%
No matching quizzes found
Score Distribution
Percent of People with Each Score
Percentile by Number Answered
Your Score History
You have not taken this quiz